000 00702nam a2200205Ia 4500
003 OSt
005 20240823153500.0
008 210210b1990 xxu||||| |||| 00| 0 eng d
040 _cAL
041 _aKannada
082 _aK894.301 JOSB
100 _aJOSHI (Ha P).
_dಜೋಶಿ (ಹಾ ಪಿ)
_9177818
245 _aBhava-prabhatha, mavina thopu, rajavallabha.
_bಭಾವ ಪ್ರಭಾತ ಮಾವಿನ ತೋಪು ರಾಜವಲ್ಲಭ
260 _aBengaluru.
_bKannada Mattu Samskrathi Nirdeshanalaya.,
_c1990
300 _aiv,227
650 _aSannakathe BhavaprabhathaMavina thopu Rajavallabha
_9177819
690 _aKannada Fiction
_9177820
906 _a057726
942 _2ddc
_cBK
999 _c105003
_d105003